| 000 | 00335nam a22001337a 4500 | ||
|---|---|---|---|
| 008 | 181008b xxu||||| |||| 00| 0 eng d | ||
| 020 | _a9780205444212 | ||
| 041 | _aeng | ||
| 080 |
_210th _a371 |
||
| 100 | _a25 | ||
| 101 | _aEDU | ||
| 245 |
_aExceptional Learners an Introduction to Special Education _cHallahan,D.P |
||
| 942 |
_2udc _cBK |
||
| 999 |
_c49031 _d49031 |
||